Product Planning and Management

Gespeichert in:
Bibliographische Detailangaben
1. Verfasser: Sachs, William S.
Weitere Verfasser: Benson, George
Format: Buch
Sprache:Englisch
Veröffentlicht: Tulsa Pennwell Publ. Co. 1981
Ausgabe:1. ed.
Schlagworte:
Tags: Tag hinzufügen
Keine Tags, Fügen Sie das erste Tag hinzu!

MARC

LEADER 00000nam a2200000 4500
001 c001045
005 20221220103628.4
020 |a 0-87814-149-9 
041 0 |a eng 
044 |a US 
245 1 0 |a Product Planning and Management  |c William S. Sachs, George Benson 
250 |a 1. ed. 
264 1 |a Tulsa  |b Pennwell Publ. Co.  |c 1981 
300 |a 428 s. 
610 2 0 |a plánovanie výroby 
610 2 0 |a výrobky nové 
610 2 0 |a manažment 
610 2 0 |a riadenie výroby 
610 2 0 |a vývoj výrobku 
610 2 0 |a výroba 
610 2 0 |a obchod 
610 2 0 |a trh 
610 2 0 |a plánovanie strategické 
610 2 0 |a kontrola kvality 
610 2 0 |a inovácia 
100 1 |a Sachs, William S. 
700 1 |a Benson, George